Does the acoustic environment make a difference? (Record no. 66264)
[ view plain ]
| 000 -CABECERA | |
|---|---|
| campo de control de longitud fija | 00684nam a2200253 a 4500 |
| 005 - FECHA Y HORA DE LA ÚLTIMA TRANSACCIÓN | |
| campo de control | 20210219153019.0 |
| 008 - ELEMENTOS DE LONGITUD FIJA--INFORMACIÓN GENERAL | |
| campo de control de longitud fija | 991125n 000 0 u |
| 035 ## - NÚMERO DE CONTROL DEL SISTEMA | |
| Número de control de sistema | UPN01000073160 |
| 100 1# - ASIENTO PRINCIPAL--NOMBRE PERSONAL | |
| Nombre de persona | Graham, Joan |
| 100 1# - ASIENTO PRINCIPAL--NOMBRE PERSONAL | |
| Nombre de persona | Fraser, Brian |
| 222 #0 - TÍTULO CLAVE | |
| Título clave | BRITISH JOURNAL OF SPECIAL EDUCATION |
| 245 00 - MENCIÓN DE TÍTULO | |
| Título | Does the acoustic environment make a difference? |
| 260 ## - PUBLICACIÓN, DISTRIBUCIÓN, ETC. | |
| Lugar de publicación, distribución, etc. | Reino Unido |
| 300 ## - DESCRIPCIÓN FÍSICA | |
| Extensión | 112-115 |
| 362 0# - FECHAS DE PUBLICACIÓN Y/O DESIGNACIÓN SECUENCIAL | |
| Fecha de publicación y/o designación secuencial | 1992 Vol. 19, no. 3, sept. |
| 653 0# - TERMINO DE INDIZACION - NO CONTROLADO | |
| Término no controlado | ACUSTICA |
| 653 0# - TERMINO DE INDIZACION - NO CONTROLADO | |
| Término no controlado | AMBIENTE ACUSTICO |
| 653 0# - TERMINO DE INDIZACION - NO CONTROLADO | |
| Término no controlado | AUDICION PARCIAL |
| 653 0# - TERMINO DE INDIZACION - NO CONTROLADO | |
| Término no controlado | PERCEPCION AUDITIVA |
| 653 0# - TERMINO DE INDIZACION - NO CONTROLADO | |
| Término no controlado | SONIDO (SONORO) |
| 653 0# - TERMINO DE INDIZACION - NO CONTROLADO | |
| Término no controlado | SORDERA-CEGUERA |
| 904 ## - ELEMENTOS DE DATOS D LOCAL, LDD (RLIN) | |
| a | AC |
| b | 010971 |
| 905 ## - TIPO DE MATERIAL | |
| Tipo de material | Articulo |
No items available.
